000 00786nam a2200265 a 4500
001 000013174
003 DO-SdBNP
005 20240412074238.0
008 091120t1982 dr a 000 j spa d
020 _a8484000613
040 _aDO-SdBNP
_bspa
_cBNPHU
082 _aRD863.44
_bV145s, 1982
100 1 _aValdez, Diógenes,
_d1941-
_920511
245 1 3 _aEl silencio del caracol /
_cDiógenes Valdez.
250 _a2ª ed.
260 _aSanto Domingo, :
_bTaller,
_c1982.
300 _a156 p. :
_bil. ;
_c20 cm.
490 1 _aBiblioteca taller
_v105
590 _aInventariado, 2020 /LP
650 0 _aCuentos dominicanos
_9176
650 0 _aLiteratura dominicana.
_967
830 0 _aBiblioteca taller
_v105
_9164
910 _aValidado. Control de calidad EMS
942 _2ddc
_cLBS1
999 _c12813
_d12813